| 000 | 00379nam a2200133Ia 4500 | ||
|---|---|---|---|
| 008 | 220217s9999||||xx |||||||||||||| ||und|| | ||
| 020 | _a81-7808-425-2 | ||
| 082 | _a005.74 ADR | ||
| 100 |
_aAdriaans, Pieter and Zantinge, Dolf _95577 |
||
| 245 | 0 | _aData mining | |
| 260 |
_aPearson education asia _bNew Delhi _c2001 |
||
| 300 | _b199 | ||
| 650 |
_aDATA FILES & DATABASE _9695 |
||
| 999 |
_c176595 _d176595 |
||